[Event "Dresden ZMD op"]
[Site "Dresden"]
[Date "2009.08.01"]
[Round "8"]
[White "Moos, Gerd"]
[Black "Schmid, Simon"]
[Result "1-0"]
[WhiteElo "2015"]
[BlackElo "1816"]
[PlyCount "81"]
[EventDate "2009.07.25"]
[EventType "swiss"]
[EventRounds "9"]
[EventCountry "GER"]
[SourceTitle "CBM 131 Extra"]
[Source "ChessBase"]
[SourceDate "2009.09.03"]
[SourceVersion "2"]
[SourceVersionDate "2009.09.16"]
[SourceQuality "1"]

1. e4 e6 2. d4 d5 3. Nd2 Nf6 4. e5 Nfd7 5. c3 c5 6. Bd3 Nc6 7. Ngf3 cxd4 8. cxd4 Qb6 9. 0-0 Nxd4 10. Nxd4 Qxd4 11. Nf3 Qb6 12. Qa4 Bc5 13. Qg4 g6 14. Bd2 Bf8 15. Qa4 Bg7 16. Ba5 Qc5 17. Rac1 Qe7 18. Bb5 a6 19. Bc7 0-0 20. Bd6 Qd8 21. Bxf8 Nb6 22. Qg4 Qxf8 23. Bd3 Bh6 24. Ng5 Qe7 25. h4 Bd7 26. Qd4 Qd8 27. Rc3 Nc8 28. f4 Ne7 29. h5 Nc6 30. Qf2 Nb4 31. hxg6 hxg6 32. Bb1 Bb5 33. Rfc1 Nc6 34. Qh4 Bxg5 35. fxg5 Kf8 36. Bxg6 fxg6 37. Qh8+ Ke7 38. Qg7+ Ke8 39. Rh3 Qe7 40. Qxg6+ Kd7 41. Rh7 1-0